Electoral States Won by Trump Quiz Stats

 Plays Quiz Updated Dec 29, 2016

Support Sporcle.
Go Orange.
Score 0/31 Timer 03:00
1 Play Today
% Correct
Texas
97.3%
Oklahoma
95.7%
Kansas
95.3%
Mississippi
95.2%
Arkansas
95.1%
Alabama
95.1%
Nebraska
94.7%
South Dakota
94.4%
Georgia
94.3%
Tennessee
93.9%
Louisiana
93.9%
Florida
93.2%
North Dakota
93%
South Carolina
92.5%
Missouri
92.1%
Kentucky
91.9%
% Correct
Wyoming
91.9%
Montana
91.7%
North Carolina
89.8%
Iowa
88.8%
Idaho
88.3%
Ohio
87.2%
Utah
86.5%
Indiana
84.1%
Wisconsin
83.7%
Michigan
83.7%
Arizona
81.5%
West Virginia
78.4%
Pennsylvania
73.7%
Alaska
59.9%
Maine - 2nd District
55.4%

You're not logged in!

Compare scores with friends on all Sporcle quizzes.
OR
Log In
Forgot?

From the Vault

Movies by IMDb Plot Keywords II

by paultoes

Clicking; Movies; IMDb; More Stimulating Diversions
Remove Ads.
Support Sporcle.
Get the best of Sporcle when you Go Orange. This ad-free experience offers more features, more stats, and more fun while also helping to support Sporcle. Thank you for becoming a member.

Show Comments

Extras

Top Quizzes Today


Score Distribution

Your Account Isn't Verified!

In order to create a playlist on Sporcle, you need to verify the email address you used during registration. Go to your Sporcle Settings to finish the process.

Report this User

Report this user for behavior that violates our Community Guidelines.

Details: